|
|
|
|
| LEADER |
00804nab a2200205 i 4500 |
| 001 |
misc63740 |
| 005 |
20220916111548.0 |
| 008 |
220803suuuu hu o 0|| bul d |
| 040 |
|
|
|a SZTE Miscellanea Repozitórium
|b hun
|
| 041 |
|
|
|a bul
|
| 100 |
1 |
|
|a Miâtev Petăr
|
| 245 |
1 |
0 |
|a Spomeni za prebivavaneto na ungarskata emigraciâ v Bălgariâ prez sredata na minaliâ vek
|h [elektronikus dokumentum] /
|c Miâtev Petăr
|
| 300 |
|
|
|a p. 316-324.
|c 24 cm
|
| 490 |
0 |
|
|a Izvestiâ na Instituta za bălgarskâ istoriâ
|
| 561 |
|
|
|a Németh Gyula hagyaték
|
| 591 |
|
|
|a NOA 3689
|
| 650 |
|
4 |
|a Bölcsészettudományok
|
| 650 |
|
4 |
|a Történettudomány és régészet
|
| 695 |
|
|
|a Emigráció - magyar - Bulgária - 19. sz.
|
| 856 |
4 |
0 |
|u http://misc.bibl.u-szeged.hu/63740/1/3689_noa_m63.pdf
|z Dokumentum-elérés
|